000 00590nam a2200217Ia 4500
003 OSt
005 20220926044627.0
006 a|||||r|||| 00| 0
007 ta
008 220923b |||||||| |||| 00| 0 eng d
037 _cGeneral Book
040 _aRTL
_cRTL
_beng
041 _2eng
_aeng
082 _aV2:1.N35<--M57, H0
100 _aChintamani C Yajneswara
_9349252
245 0 _aIndian politics since the mutiny
260 _c1940
650 _aIndian History
942 _hV2:1.N35<--M57, H0
_cGB
_2CC
999 _c675374
_d675374